书目信息 |
| 题名: |
“互联网+”图书馆跨界融合研究
|
|
| 作者: | 马玲 著 | |
| 分册: | ||
| 出版信息: | 北京 现代出版社 2020.01 |
|
| 页数: | 97页 | |
| 开本: | 21cm | |
| 丛书名: | ||
| 单 册: | ||
| 中图分类: | G250.72 | |
| 科图分类: | ||
| 主题词: | 图书馆工作--tu shu guan gong zuo--网络化--研究 | |
| 电子资源: | ||
| ISBN: | 978-7-5143-7586-2 | |
| 000 | 01014nam0 2200229 450 | |
| 001 | 0109110058 | |
| 005 | 20201109110334.0 | |
| 010 | @a978-7-5143-7586-2@dCNY29.80 | |
| 100 | @a20181218d2020 em y0chiy0110 ea | |
| 101 | 0 | @achi |
| 102 | @aCN@b110000 | |
| 105 | @ay z 000yy | |
| 106 | @ar | |
| 200 | 1 | @a“互联网+”图书馆跨界融合研究@A“ hu lian wang + ” tu shu guan kua jie rong he yan jiu@f马玲著 |
| 210 | @a北京@c现代出版社@d2020.01 | |
| 215 | @a97页@d21cm | |
| 330 | @a该书就互联网+图书馆的跨界融合等方面的内容进行了探讨和研究。疏馆的跨界融合主要表现在基于知识供应链的纵向融合、与利益相关者的横向融合和基于用户工作流的适应性跨越融合等三个方面。未来图书馆要紧跟”互联网+”的步伐,不断满足用户日益增长的信息需求,继续发挥信息技术的引领作用,引领未来图书馆发展的高级形态。对从事图书馆研究的人员具有一定的参考价值。 | |
| 606 | 0 | @a图书馆工作@Atu shu guan gong zuo@x网络化@x研究 |
| 690 | @aG250.72@v5 | |
| 701 | 0 | @a马玲@Ama ling@4著 |
| 801 | 0 | @aCN@bBJSZM@c20201103 |
| 905 | @b1266086-90@dG250.72@e164@f5 | |
| “互联网+”图书馆跨界融合研究/马玲著.-北京:现代出版社,2020.01 |
| 97页;21cm |
| ISBN 978-7-5143-7586-2:CNY29.80 |
| 该书就互联网+图书馆的跨界融合等方面的内容进行了探讨和研究。疏馆的跨界融合主要表现在基于知识供应链的纵向融合、与利益相关者的横向融合和基于用户工作流的适应性跨越融合等三个方面。未来图书馆要紧跟”互联网+”的步伐,不断满足用户日益增长的信息需求,继续发挥信息技术的引领作用,引领未来图书馆发展的高级形态。对从事图书馆研究的人员具有一定的参考价值。 |
| ● |
| 相关链接 |
|
|
|
|
正题名:"互联网+"图书馆跨界融合研究
索取号:G250.72/164
 
预约/预借
| 序号 | 登录号 | 条形码 | 馆藏地/架位号 | 状态 | 备注 |
| 1 | 1266086 | 212660869 | 第一样本阅览室/ [索取号:G250.72/164] | 在馆 | |
| 2 | 1266087 | 212660878 | 教育系资料室/ [索取号:G250.72/164] | 在馆 | |
| 3 | 1266088 | 212660887 | 教育系资料室/ [索取号:G250.72/164] | 在馆 | |
| 4 | 1266089 | 212660896 | 第四借阅区/ [索取号:G250.72/164] | 在馆 | |
| 5 | 1266090 | 212660903 | 第四借阅区/ [索取号:G250.72/164] | 在馆 |